000 00914cam a2200229 4500
008 000000n2001 000 0 eng u
020 _a0406911045
035 _a(Sirsi) u111125
050 _a346.4104342
100 _aRadevsky, Anthony
245 _aTenant's right of first refusal.
260 _aLondon
_bButterworths
_c2001
300 _axxii,252p. ; 25cm.
350 _a55.00
520 _aA detaled examination of Part 1 of the Landlord and Tenant Act 1987, which gives residential tenants the right of first refusal when the landlord wants to dispose of his interest.
650 _aPROPERTY-RESIDENTIAL PROPERTY-RESIDENTIAL LANDLORD AND TENANT-RESIDENTIAL TENANCIES
650 _aLANDLORD AND TENANT ACT 1987 PART 1
650 _aRIGHT OF FIRST REFUSAL
690 _aPROPERTY-RESIDENTIAL PROPERTY-RESIDENTIAL LANDLORD AND TENANT-RESIDENTIAL TENANCIES
700 _aClark, Wayne
942 _n0
999 _c101204
_d101204